000 00318nam a22001217a 4500
003 OSt
005 20260211164003.0
008 260211b |||||||| |||| 00| 0 eng d
040 _cWomen &Law in East Africa
082 _a346.676205
_bMUB
245 _aInheritance Laws &Practices
_bAffecting Kenyan Women
942 _2ddc
_cBK
999 _c4161
_d4161